000 00540nam a2200169Ia 4500
005 20260601193259.0
008 260601s9999||||xx |||||||||||||| ||und||
020 _a978-3-031-71315-6
_qebk
100 _aYuhua Luo
245 0 _aCooperative Design, Visualization, and Engineering
250 _a2024
260 _aHeidelberg, Germany
_bSpringer Nature
_c2024
440 _aLecture Notes in Computer Science
650 _aComputer Science
856 _uhttps://link.springer.com/openurl?genre=book&isbn=978-3-031-71315-6
942 _cEB
_2ddc
999 _c56953
_d56953